000 00707nam a22002177a 4500
005 20150909105553.0
010 _aENG-113506
020 _c650.00
_a9789351480334
020 _c650.00
_a935148033x
035 _aEN-97038
037 _bDBAD/PUB
082 _a181.46
100 _aMathew, John V.
245 _aAdvaita Vedanta re-explored towards ecological and dalit theology /
_cby John V. Mathew
260 _aNew Delhi
_bChristian World Imprints
_c2015
270 _aH-12 Bali Nagar
_bNew Delhi
_e110015
300 _axxxi,183p.
_c22cm(Hb)
490 _aInterfaith treasures uncovered-4
500 _aIncludes bibliographical references and index
942 _2ddc
_cEN
_mMAT
_h181.46
999 _c94994
_d94994